| 000 | 00899cab a2200253 4500 | ||
|---|---|---|---|
| 001 | ABS52019 | ||
| 008 | 090401t1994 xxu||||| |||| 00| 0 eng d | ||
| 035 | _a(Sirsi) u55004 | ||
| 041 | _aeng | ||
| 100 | _aGrieco, M. | ||
| 245 | 2 | _aA change in the policy climate? Current European perspectives on road pricing | |
| 260 | _c1994 | ||
| 350 | _a0 | ||
| 490 |
_aUrban Studies _v31(9) November 1994, 1517-1532(16) |
||
| 520 | _aTraces changes in attitudes towards road pricing in the European Community, on the part of politicians and the public, across the range of member states and their geographical neighbours. Looks at the development of policy in the Netherlands. | ||
| 650 | _aCONGESTION PRICING | ||
| 650 | _aEUROPE | ||
| 650 | _aROAD PRICING | ||
| 650 | _aROAD TOLLING | ||
| 690 | _aTRANSPORT AND COMMUNICATIONS | ||
| 700 | _aJones, P.M. | ||
| 942 | _n0 | ||
| 948 | _c04/03/1997 | ||
| 999 |
_c33660 _d33660 |
||